|
|
|
|
| LEADER |
00000cam a2200000 7i4500 |
| 001 |
0000002562 |
| 005 |
20090107.0 |
| 020 |
|
|
|a 0669048364
|
| 040 |
|
|
|a INS
|
| 090 |
0 |
0 |
|a HD1245.
|b W67 1982
|
| 245 |
0 |
0 |
|a World Congress on Land Policy
|c 1980 :
|b Proceeding
|c edited by Mathew Callen
|
| 250 |
|
|
|a 1st 1980 .
|b Harvand Law School
|
| 260 |
|
|
|a Lexington, Mass. :
|b Heath ,
|c 1982
|
| 300 |
|
|
|a vii, 445p.
|
| 650 |
0 |
0 |
|a Land reform
|x congresses
|
| 650 |
0 |
0 |
|a Land tenure
|x congresses
|
| 650 |
0 |
0 |
|a Land use
|z government policy
|x congresses
|
| 650 |
0 |
0 |
|a Land value taxation
|x congresses
|
| 700 |
1 |
|
|a Cullen, Matthew
|
| 700 |
1 |
|
|a Woolery, Sharon
|
| 999 |
|
|
|a 0000000914
|b BOOK
|c Open Shelf
|e Default branch
|